[Event "Passau op 7th"]
[Site "Passau"]
[Date "1999.04.03"]
[Round "3"]
[White "Kolanoske, Vincent"]
[Black "Kuebler, Uwe"]
[Result "0-1"]
[WhiteElo "1973"]
[BlackElo "1979"]
[PlyCount "46"]
[EventDate "1999.04.02"]
[EventType "swiss"]
[EventRounds "7"]
[EventCountry "GER"]
[SourceTitle "EXT 2000"]
[Source "ChessBase"]
[SourceDate "1999.11.16"]
[SourceVersion "1"]
[SourceVersionDate "1999.11.16"]
[SourceQuality "1"]

1. e4 d5 2. e5 c5 3. Bb5+ Bd7 4. Qe2 Nc6 5. Bxc6 Bxc6 6. e6 fxe6 7. Qxe6 Nf6 8. Nf3 Qd7 9. Qxd7+ Nxd7 10. d3 e5 11. 0-0 Bd6 12. a4 0-0 13. Nc3 Rae8 14. Nb5 Bb8 15. Bg5 d4 16. Nd2 a6 17. Na3 Bxa4 18. b3 Bc6 19. Nac4 Bc7 20. Ne4 h6 21. Bd2 b5 22. Ncd6 Re6 23. Rxa6 Bxe4 0-1

[Event "Passau op 7th"]
[Site "Passau"]
[Date "1999.04.02"]
[Round "2"]
[White "Vollmers, Otto"]
[Black "Kolanoske, Vincent"]
[Result "1/2-1/2"]
[WhiteElo "1721"]
[BlackElo "1973"]
[PlyCount "81"]
[EventDate "1999.04.02"]
[EventType "swiss"]
[EventRounds "7"]
[EventCountry "GER"]
[SourceTitle "EXT 2000"]
[Source "ChessBase"]
[SourceDate "1999.11.16"]
[SourceVersion "1"]
[SourceVersionDate "1999.11.16"]
[SourceQuality "1"]

1. d4 Nf6 2. c4 c5 3. d5 b5 4. cxb5 a6 5. bxa6 g6 6. Nf3 Bxa6 7. g3 d6 8. Bg2 Bg7 9. 0-0 0-0 10. Nc3 Nbd7 11. Qc2 Qb6 12. Nd2 Rfb8 13. b3 Ng4 14. Nc4 Qb4 15. Bd2 Bxc4 16. bxc4 Qxc4 17. Rab1 Rxb1 18. Rxb1 Bxc3 19. Qxc3 Qxe2 20. Be3 Nxe3 21. Qxe3 Qxe3 22. fxe3 Ra7 23. Rb2 Kg7 24. Kf2 Kf6 25. Bf1 Ke5 26. Bc4 Nf6 27. Rb8 Nxd5 28. Rf8 f6 29. Rf7 h5 30. Kf3 Ra3 31. Bxd5 Kxd5 32. Rxe7 Rxa2 33. e4+ Kd4 34. Re6 d5 35. exd5 Kxd5 36. Rxf6 Rxh2 37. Rxg6 c4 38. Ke3 c3 39. Rg8 c2 40. Rc8 Rg2 41. Kf3 1/2-1/2